01314nam a2200301 i 4500001001000000003000900010005001700019007000300036008004100039040003000080041000800110082002500118111013200143245004600275246012000321260001600441264012800457300004500585336002700630337003400657338003100691650004900722650003900771650003000810650005900840651006000899651005300959000006732DO-SdBNP20250730121142.0ta090902s1995 dr 001 0 spa d aDO-SdBNPbspacBNPHUerda aspa 4a382.97293bS471p2222 a[Seminario ¨TLC y GATT: su impacto sobre la República Dominicana¨d(1993 Febr. 2 :cSanto Domingo, República Dominicana)]10aPonencias y conclusiones de un seminario.13aTratado de Libre Comercio y Acuerdo General de Aranceles y Comercio :bsu impacto sobre la República Dominicana / fPromoción aSanto Domingo, República Dominicana)bConsejo Nacional de Hombres de Empresa :bJunta Agroempresarial Dominicana,c1995?. a129 páginas :bilustraciones ;c22 cm. atextobtxt2rdacontent asin mediaciónbn2rdamedia  avolumen bnc2rdacarrier  4aTratados comercialeszRepública Dominicana 4aRegulación del comercio exterior 4aNegociaciones comerciales 4aAranceles de aduanaszRepública DominicanaxTratados 4aRepública DominicanaxRelaciones ExterioresxTratados 4aRepública DominicanaxTratados Internacionales